| 000 | 00638nam a22001457a 4500 | ||
|---|---|---|---|
| 008 | 230602b |||||||| |||| 00| 0 eng d | ||
| 040 |
_aNational Science Library _cNational Science Library |
||
| 080 |
_a620.19(082.2) _bL5.10 |
||
| 245 |
_aTransactions compte-rendu, Volume X: _bText of speakers comments from opening and closing ceremonies, specials events, roundtables, special seminars _c/ United States National Committee of the World Energy Conference |
||
| 260 |
_aDetroit: _bU.S. National Committee of the World Energy Conference, _c1974 |
||
| 300 | _axiii, 330p. | ||
| 650 | _aEnergy | ||
| 653 | _aScience | ||
| 942 |
_2udc _cPR |
||
| 999 |
_c38612 _d38612 |
||